| 000 | 00679 a2200181 4500 | ||
|---|---|---|---|
| 003 | Nust | ||
| 005 | 20170207171114.0 | ||
| 040 | _cNust | ||
| 082 | _a005.1 | ||
| 100 | _aSaeeda, Hina (MSCS-19) | ||
| 245 |
_aAgile Adoptability and Scalability for Large Scale Projects _cHiina Saeeda |
||
| 260 |
_aRawalpindi _bMCS (NUST) _c2015 |
||
| 300 | _aviii, 100 p | ||
| 505 | _aIntroduction (Page-1), Literature Review (Page-5), Materials and Mehtods (Page-27), Selection of Proposed Approach (Page-48), Evaluation and Results of Proposed Framework (Page-70), Conclusion and Furture Work (Page-78), | ||
| 538 | _aAlmirah No. 70 Shelf No.6 | ||
| 650 | _aPG Project | ||
| 651 | _aMSCS-19 | ||
| 942 | _cTHS | ||
| 999 |
_c216264 _d216264 |
||